Modelovanie dvojtaktného motora v programe PowerShape

Gespeichert in:
Bibliographische Detailangaben
1. Verfasser: Lehotský, Patrik, 1991- (Verfasst von)
Weitere Verfasser: Kleinedlerová, Ivana, 1983- (Betreuung Doktorarbeit)
Format: Manuskript Buch
Sprache:Slowakisch
Veröffentlicht: Trnava : STU v Bratislave MTF UVTE, 2013
Schlagworte:
Online-Zugang:VAIS
Tags: Tag hinzufügen
Keine Tags, Fügen Sie das erste Tag hinzu!

MARC

LEADER 00000ntm a22000003a 4500
001 stu269862
005 20150617230248.9
008 130703s2013----xo------------------slo-d
040 |a STU  |b slo 
041 0 |a slo 
044 |a xo 
100 1 |a Lehotský, Patrik,  |d 1991-  |4 aut  |u M  |T MTF Materiálovotechnologická fakulta  |X 6839  |U M  |Y 60  |7 A000006839 
242 0 0 |a Modelling a two-stroke engine in PowerShape program   |y eng 
245 1 |a Modelovanie dvojtaktného motora v programe PowerShape 
260 |a Trnava :  |b STU v Bratislave MTF UVTE,  |c 2013 
650 7 |a počítačová podpora výrobných technológií  |2 stusub 
650 7 |a Computer-Aided Production Technologies  |2 estusub 
650 7 |a modelling  |2 estusub 
650 7 |a modelovanie  |2 stusub 
650 7 |a PowerShape  |2 stusub 
700 1 |a Kleinedlerová, Ivana,  |d 1983-  |4 ths  |u M250  |T MTF Detašované pracovisko v Dubnici nad Váhom  |X 31789  |U M250  |Y M250  |7 A000031789 
856 4 |a info a plný text  |u http://is.stuba.sk/zp/portal_zp.pl?podrobnosti=79181  |3 VAIS 
996 |c M*BP-6234  |l MMSKP  |s P  |a 0  |w stu269862_0001